000 00296 a2200121 4500
000 nam a22 7a 4500
005 20260207105351.0
020 _a9789373488592
100 _aYogendra Nagpaal
_91114337
245 _aHindi Rusi Muhawara Kosh
260 _bVani Prakashan
_c2025
942 _cTEXL
999 _c1678881
_d1678881